Finland, Finland, Finland Quiz Stats

 Plays Quiz not verified by Sporcle

Score 0/148 Timer 05:00
1 Play Today
% Correct
Finland,
96.8%
Finland,
96.8%
Finland,
96.8%
Finland,
96.8%
Finland,
96.8%
Finland.
96.8%
Finland,
96.8%
Finland,
96.8%
Finland.
96.8%
Finland,
96.8%
Finland,
96.8%
Finland.
96.8%
Finland
96.8%
Finland,
96.8%
Finland,
96.8%
Finland.
96.8%
Finland,
96.8%
Finland,
96.8%
Finland.
96.8%
Finland
96.8%
Finland,
96.8%
Finland,
96.8%
Finland.
96.8%
Finland,
96.8%
Finland,
96.8%
Finland.
96.8%
Finland
96.8%
Finland
96.8%
The
87.7%
the
87.7%
a
87.7%
The
87.7%
the
87.7%
And
87.7%
A
87.7%
The
87.7%
The
87.7%
I
83.1%
I
83.1%
I
83.1%
I
83.1%
country
64.5%
country
64.5%
country
64.5%
country
64.5%
country
64.5%
to
62.9%
to
62.9%
to
62.9%
to
62.9%
% Correct
to
62.9%
to
62.9%
be.
61.5%
be.
61.5%
be.
61.5%
be.
61.5%
it
58.7%
it
58.7%
it
58.7%
it
58.7%
where
58.3%
where
58.3%
where
58.3%
where
58.3%
want
51.2%
want
51.2%
want
51.2%
want
51.2%
for
50.6%
me.
50.2%
in
47.6%
of
45.4%
It's
44.4%
so
42.3%
So
42.3%
so
42.3%
so
42.3%
so
42.3%
so
42.3%
so
42.3%
Your
40.1%
Your
40.1%
Your
40.1%
your
40.1%
from
39.3%
from
39.3%
from
39.3%
are
38.1%
are
38.1%
are
38.1%
are
38.1%
or
36.5%
Or
36.5%
or
36.5%
or
36.5%
all.
35.7%
all.
35.7%
all.
35.7%
all.
35.7%
has
35.1%
% Correct
has
35.1%
has
35.1%
has
35.1%
just
32.5%
Russia,
31.2%
When
31%
You're
30.8%
Quite
30.8%
You're
30.8%
quite
30.8%
quite
30.8%
far
30.4%
long
28.8%
way
28.4%
TV,
27.8%
watching
27%
near
27%
Japan.
25.8%
Belgium,
25.6%
going
24.2%
mountains
23.8%
mountains
23.8%
Vietnam.
23%
second
22.8%
camping,
22.6%
tall.
22.6%
tall.
22.6%
Pony
22%
miles
22%
Lots
21.8%
trekking
21.4%
abroad.
21.2%
lofty,
21.2%
lofty,
21.2%
treetops
20.6%
treetops
20.6%
Cairo,
20.4%
often
18.8%
ignored.
18.7%
neglected,
18.5%
lunch
17.7%
breakfast
17.5%
dinner,
17.1%
hall.
17.1%
sadly
17.1%
Eating
16.7%
poor
16.7%
snack
16.5%

You're not logged in!

Compare scores with friends on all Sporcle quizzes.
OR
Log In

You Might Also Like...

Show Comments

Extras

Top Quizzes Today


Score Distribution

Your Account Isn't Verified!

In order to create a playlist on Sporcle, you need to verify the email address you used during registration. Go to your Sporcle Settings to finish the process.

Report this User

Report this user for behavior that violates our Community Guidelines.

Details: